Building your own high-tech small office / (Record no. 129546)

MARC details
000 -LEADER
fixed length control field 00691nam a22002297a 4500
005 - DATE AND TIME OF LATEST TRANSACTION
control field 20170124110057.0
010 ## - LIBRARY OF CONGRESS CONTROL NUMBER
LC control number A-951077
020 ## - INTERNATIONAL STANDARD BOOK NUMBER
Terms of availability 00.00
035 ## - SYSTEM CONTROL NUMBER
System control number A-951077
037 ## - SOURCE OF ACQUISITION
Source of stock number/acquisition Cen Lib/Ret
040 ## - CATALOGING SOURCE
Original cataloging agency DPL
Language of cataloging EN
082 ## - DEWEY DECIMAL CLASSIFICATION NUMBER
Classification number 657.8
Item number RIC
100 ## - MAIN ENTRY--PERSONAL NAME
Personal name Richardson, Robert
9 (RLIN) 26680
245 ## - TITLE STATEMENT
Title Building your own high-tech small office /
Statement of responsibility, etc by Robert Richardson
260 ## - PUBLICATION, DISTRIBUTION, ETC. (IMPRINT)
Place of publication, distribution, etc Delhi
Name of publisher, distributor, etc IDB Books Worldwide
Date of publication, distribution, etc 1998
270 ## - ADDRESS
City Delhi
Address 6686, Khari Baoli
Postal code 110006
300 ## - PHYSICAL DESCRIPTION
Extent 393p. :
Dimensions 22cm(Hb)
Other physical details ill.
500 ## - GENERAL NOTE
General note Includes index
650 ## - SUBJECT ADDED ENTRY--TOPICAL TERM
Topical term or geographic name as entry element Small business--Data processing
9 (RLIN) 26681
650 ## - SUBJECT ADDED ENTRY--TOPICAL TERM
Topical term or geographic name as entry element Information technology
9 (RLIN) 107457
942 ## - ADDED ENTRY ELEMENTS (KOHA)
Source of classification or shelving scheme Dewey Decimal Classification
Koha item type English Books
Classification part 657.8
Call number suffix RIC
Holdings
Withdrawn status Lost status Damaged status Not for loan Home library Current library Date acquired Source of acquisition Cost, normal purchase price Total Checkouts Full call number Barcode Date last seen Copy number Cost, replacement price Price effective from Koha item type
        Central Library Central Library 06/07/2015 Cen Lib/Ret 0.00   657.8 RIC A-951077 06/07/2015 1 0.00 06/07/2015 English Books

© Delhi Public Library
Hit Counter
free hit counter